Kỹ thuật sữa chữa ô tô và động cơ nổ hiện đại T. 1: Động cơ xăng /
Uloženo v:
| Hlavní autor: | |
|---|---|
| Médium: | Kniha |
| Jazyk: | Vietnamese |
| Vydáno: |
Tp.HCM :
Tổng hợp TP.HCM ,
2004
|
| Vydání: | In lần thứ 1 |
| Témata: | |
| Tagy: |
Přidat tag
Žádné tagy, Buďte první, kdo otaguje tento záznam!
|
| Thư viện lưu trữ: | Thư viện Trường CĐ Kỹ Thuật Cao Thắng |
|---|
| LEADER | 00762nam a2200205 a 4500 | ||
|---|---|---|---|
| 001 | TVCDKTCT4151 | ||
| 003 | Thư viện trường Cao đẳng Kỹ thuật Cao Thắng | ||
| 005 | 20051117000000 | ||
| 008 | 051117 | ||
| 980 | \ | \ | |a Thư viện Trường CĐ Kỹ Thuật Cao Thắng |
| 024 | |a RG_1 #1 eb0 i1 | ||
| 041 | 0 | # | |a vie |
| 082 | # | # | |a 629.250 / |b NG527O-k |
| 100 | 1 | # | |a Nguyễn Oanh |
| 245 | 0 | 0 | |a Kỹ thuật sữa chữa ô tô và động cơ nổ hiện đại T. 1: Động cơ xăng / |c Nguyễn Oanh |
| 250 | # | # | |a In lần thứ 1 |
| 260 | # | # | |a Tp.HCM : |b Tổng hợp TP.HCM , |c 2004 |
| 300 | # | # | |a 249tr. ; |c 24cm |
| 650 | # | 4 | |a Cơ khí |
| 650 | # | 4 | |a Sửa chữa ôtô và động cơ nổ hiện đại |